000 01048nam2a22002411 4500
001 v19\rc\1253180
005 20250617235648.0
035 _a(NLR Aleph) 004408999
090 _a3979567
_c3979567
100 _a20060306d1894 |||y0rusy50 ca
101 0 _arus
102 _aRU
105 _ay z |||||
200 0 _a3-4
210 _d1894
_aБ. м.
461 0 _1001v19\rc\1253177
_12001#$aЛетопись Историко-филологического общества при Новороссийском университете$e1-16, 22, 25$v3-4$90
_93979530
_aИсторико-филологическое общество (Одесса)
_cОдесса
_d1890-1916
_o1-16, 22, 25
_tЛетопись Историко-филологического общества при Новороссийском университете
_v3-4$90
801 0 _aRU
_bNLR
_gpsbo
801 1 _aRU
_bProSoft-M
_2rusmarc
830 _a2-е экз. № 3-4 на ш.: 133/1600
852 _aNLR
_bМф
_jК1/30455
852 _aNLR
_j19.100.7.1
942 _cBOOK
980 _aNB